000 01212nam a22003254a 4500
001 ebr10096072
003 CaPaEBR
006 m u
007 cr cn|||||||||
008 031112s2004 iluk s 001 0 eng d
010 _z 2003024495
020 _z1572483873 (alk. paper)
040 _aCaPaEBR
_cCaPaEBR
035 _a(OCoLC)228121290
050 1 4 _aKF4819.6
_b.G36 2004eb
082 0 4 _a342.7308/2
_222
100 1 _aGania, Edwin T.
245 1 0 _aU.S. immigration
_h[electronic resource] :
_bstep by step /
_cEdwin T. Gania.
246 3 _aUS immigration
250 _a2nd ed.
260 _aNaperville, Ill. :
_bSphinx Pub.,
_c2004.
300 _axvi, 313 p. :
_bforms.
500 _aIncludes index.
533 _aElectronic reproduction.
_bPalo Alto, Calif. :
_cebrary,
_d2009.
_nAvailable via World Wide Web.
_nAccess may be limited to ebrary affiliated libraries.
650 0 _aEmigration and immigration law
_zUnited States
_vPopular works.
650 0 _aEmigration and immigration.
655 7 _aElectronic books.
_2local
710 2 _aebrary, Inc.
856 4 0 _uhttp://site.ebrary.com/lib/rucke/Doc?id=10096072
_zAn electronic book accessible through the World Wide Web; click to view
999 _c98050
_d98050